000 00822nam a2200181 a 4500
005 20140412111312.0
008 010326s19uu xx 00 eng d
020 _a0-7835-1304-6
050 _aREF 170
_bC54Dr v.5
245 _aThe Dragon who couldn't breathe fire :
_ba book about being different.
260 _aAsia :
_bTime Life Asia,
_c1997.
300 _a29 p. ; ill.
440 _aA Child's First Library of Values
500 _aw/ casette tape
520 _aA little dragon feels sad because he can't breathe fire like other dragons. He runs away from home in search of the secret of breathing fire. A friendly withc tries to help him with her magic spells, but somehow they never turn out quite right. In the end, the dragon finds out that being different can be fun.
650 _aValues
999 _c104021
_d104021